Director K. Subrahmanyam : (Record no. 4879)
[ view plain ]
| 000 -LEADER | |
|---|---|
| fixed length control field | 00569 a2200169 4500 |
| 010 ## - LCCN (DPL NO) | |
| LC control number | ENG-86643 |
| 020 ## - INTERNATIONAL STANDARD BOOK NUMBER | |
| Terms of availability | 150.00 |
| International Standard Book Number | 8188661325 |
| 035 ## - SYSTEM CONTROL NUMBER | |
| System control number | EN-70176 |
| 037 ## - SOURCE OF ACQUISITION | |
| Source of stock number/acquisition | DBAD / PUB |
| 082 14 - DEWEY DECIMAL CLASSIFICATION NUMBER | |
| Classification number | 921 |
| 100 1# - MAIN ENTRY--PERSONAL NAME | |
| Personal name | Rangarajan, M. R. |
| 245 1# - TITLE STATEMENT | |
| Title | Director K. Subrahmanyam : |
| Statement of responsibility, etc | by M. R. Rangarajan |
| Remainder of title | a biography / |
| 260 ## - PUBLICATION, DISTRIBUTION, ETC. (IMPRINT) | |
| Place of publication, distribution, etc | Chennai |
| Name of publisher, distributor, etc | East West Books (Madras) |
| Date of publication, distribution, etc | 2005 |
| 270 ## - ADDRESS | |
| Address | 571, Poonamalle High Road, Aminjikarai |
| City | Chennai |
| Postal code | 600 026 |
| Electronic mail address | ewb@airtelbraodband.in |
| 300 ## - PHYSICAL DESCRIPTION | |
| Extent | xiii, 129 p |
| Dimensions | 22 cm (Pbk) |
| Other physical details | B & W photos |
| 942 ## - ADDED ENTRY ELEMENTS (KOHA) | |
| Institution code [OBSOLETE] | dpl |
| Item type | English Books |
| Source of classification or shelving scheme | Dewey Decimal Classification |
| Classification part | 921 |
| Call number suffix | SUB |
| Withdrawn status | Lost status | Not for loan | Collection code | Home library | Current library | Source of acquisition | Cost, normal purchase price | Full call number | Barcode | Copy number | Cost, replacement price | Koha item type |
|---|---|---|---|---|---|---|---|---|---|---|---|---|
| Not For Loan | Non-fiction | D.B.Act.Division | D.B.Act.Division | DBAD/PUB | 150.00 | 921 SUB | EN-70176 | 1 | 150.00 | English Books |
